• 首页
  • 本馆介绍
  • 公告通知
  • 最新文献
  • 馆藏检索
  • 电子资源
  • 读者导购
  • 参考咨询
  • 我的图书馆
  • 登录
  • 详细信息显示
  • 放入我的书架
  • 预约/预借图书
  • 作者相关作品
  • 分类相关作品
  • 丛书相关作品
  • 出版社相关作品

书目信息

  • 表格格式
  • 工作单格式
  • 卡片格式
题名:
线性系统
    
 
作者: 凯拉斯 , Kailath 著 ;李清泉 , 褚家晋 , 高龙 译
分册:  
出版信息: 北京   科学出版社  1985
页数: 497页
开本: 26cm
丛书名:
单 册:
中图分类: TP11
科图分类:
主题词: 线性系统理论
电子资源:
ISBN:
000 00862nam0 2200313 45
001 0185020178
005 20040519165807.4
010    @dCNY7.40
091    @a15031.634
100    @a19900923d1985 em y0chiy0121 ea
101 0  @achi@ceng
102    @aCN@b110000
105    @ay z 001yy
106    @ar
200 1  @a线性系统@Axian xing xi tong@f(美)凯拉斯(Kailath,T.)著@g李清泉等译
210    @a北京@c科学出版社@d1985
215    @a497页@d26cm
300    @a书名原文: Linear systems.
510    @aLinear systems@zeng
606 0  @a线性系统理论
690    @aTP11@v3
701  0 @a凯拉斯@Akai la si@bT.@4著
701  0 @aKailath@bT.@4著
702  0 @a李清泉@Ali qing quan@4译
702  0 @a褚家晋@Achu jia jin@4译
702  0 @a高龙@Agao long@4译
801    @aCN@b深圳图书馆@c20040519
801    @aCN@bNLC@c20040519
905    @f1@b127140@dTP11@e25
    
    线性系统/(美)凯拉斯(Kailath,T.)著/李清泉等译.-北京:科学出版社,1985
    497页;26cm
    书名原文: Linear systems.-←并列题名:Linear systems
    
    ISBN :CNY7.40
    
●
相关链接 在E读中查询图书 在五车中查询图书 在当当中查询图书 在豆瓣中查询图书


正题名:线性系统     索取号:TP11/25         预约/预借

序号 登录号 条形码 馆藏地/架位号 状态 备注
1 0127140   001328110   第三借阅区/ [索取号:TP11/25] 在馆    
2 0127141   001328156   第二样本阅览室/ [索取号:TP11/25] 在馆    
唐山师范学院图书馆 欢迎您!
大连网信软件有限公司© 版权所有